Engineering mechanics

Salvato in:
Dettagli Bibliografici
Autori principali: Timoshenko, Stephen P (Autore), Young, Donovan Harold (Autore)
Natura: Libro
Lingua:inglese
Pubblicazione: Nueva York McGraw Hill 1940
Edizione:2a. ed
Soggetti:
Tags: Aggiungi Tag
Nessun Tag, puoi essere il primo ad aggiungerne!!

MARC

LEADER 00000nam a2200000 a 4500
001 UCP0899
003 CL-VaPUC
008 990319e19400000US |||||||||||||||||eng|d
082 0 4 |a 620.1  |b TIM  |2 21 
100 0 |a Timoshenko, Stephen P  |e author  |9 426544 
700 0 |a Young, Donovan Harold  |e author  |9 426545 
245 1 0 |a Engineering mechanics 
250 |a 2a. ed 
300 |a 523 p 
942 |c BK 
945 |d 19990319 00:00:00  |a lriquelm 
260 |a Nueva York  |b McGraw Hill  |c 1940 
650 0 |a Mecánica   |9 260096 
650 7 |a FUERZAS  |2 CL-VaPUC  |9 360776 
650 0 |a Estática  |9 260452 
650 0 |a Cinemática  |9 260942 
650 0 |a Movimiento  |9 322237 
650 0 |a Dinámica  |9 260136 
583 |a last modification  |c 19990319 00:00:00  |k Rodrigo Vera 
999 |c 279634  |d 279632 
952 |0 0  |1 0  |4 0  |6 620_100000000000000_TIM_1940  |7 0  |8 P  |9 319252  |a BIBMEC  |b BIBMEC  |d 2019-11-20  |i 1329030  |o 620.1 TIM 1940  |p 1329030  |r 2019-11-20  |w 2019-11-20  |y BK  |k MEC